| 000 | 00346pab a2200145 454500 | ||
|---|---|---|---|
| 008 | 180718b2015 xxu||||| |||| 00| 0 eng d | ||
| 100 | _aVaradarajan, Siddharth | ||
| 245 | _aThe crisis of the Indian workplace | ||
| 260 | _c2015 | ||
| 300 | _ap.59-62. | ||
| 362 | _aMay | ||
| 650 | _aIndustrial plants | ||
| 773 | _aSeminar | ||
| 909 | _a107620 | ||
| 999 |
_c107615 _d107615 |
||